COMMUNICATIVE ENGLISH SKILL-I (Record no. 26604)

MARC details
000 -LEADER
fixed length control field 00384nam a22001577a 4500
003 - CONTROL NUMBER IDENTIFIER
control field OSt
005 - DATE AND TIME OF LATEST TRANSACTION
control field 20220111152617.0
008 - FIXED-LENGTH DATA ELEMENTS--GENERAL INFORMATION
fixed length control field 220111b |||||||| |||| 00| 0 eng d
020 ## - INTERNATIONAL STANDARD BOOK NUMBER
International Standard Book Number 9789389441003
040 ## - CATALOGING SOURCE
Original cataloging agency HU
Transcribing agency DDC
082 ## - DEWEY DECIMAL CLASSIFICATION NUMBER
Classification number 428.007/WIL
245 ## - TITLE STATEMENT
Title COMMUNICATIVE ENGLISH SKILL-I
260 ## - PUBLICATION, DISTRIBUTION, ETC.
Place of publication, distribution, etc. ENGLAND
Name of publisher, distributor, etc. ARTZ BOOKS
Date of publication, distribution, etc. 2020
300 ## - PHYSICAL DESCRIPTION
Extent VIII,238P,20CM
942 ## - ADDED ENTRY ELEMENTS (KOHA)
Source of classification or shelving scheme Dewey Decimal Classification
Koha item type Books like text book referance book
Suppress in OPAC No
Holdings
Withdrawn status Lost status Source of classification or shelving scheme Damaged status Not for loan Home library Current library Shelving location Date acquired Total Checkouts Full call number Barcode Date last seen Copy number Price effective from Koha item type
    Dewey Decimal Classification     Law & Governance lLbrary Law & Governance lLbrary General Stacks 01/11/2022   428.007/WIL LGCLIB00006374 01/11/2022 C1 01/11/2022 Books like text book referance book
    Dewey Decimal Classification     Law & Governance lLbrary Law & Governance lLbrary General Stacks 01/11/2022   428.007/WIL LGCLIB00006375 01/11/2022 C2 01/11/2022 Books like text book referance book
    Dewey Decimal Classification     Law & Governance lLbrary Law & Governance lLbrary General Stacks 01/11/2022   428.007/WIL LGCLIB00006376 01/11/2022 C3 01/11/2022 Books like text book referance book
    Dewey Decimal Classification     Law & Governance lLbrary Law & Governance lLbrary General Stacks 01/11/2022   428.007/WIL LGCLIB00006377 01/11/2022 C4 01/11/2022 Books like text book referance book
    Dewey Decimal Classification     Law & Governance lLbrary Law & Governance lLbrary New Materials Shelf 01/11/2022   428.007/WIL LGCLIB00006378 01/11/2022 C5 01/11/2022 Books like text book referance book
    Dewey Decimal Classification     Law & Governance lLbrary Law & Governance lLbrary General Stacks 01/11/2022   428.007/WIL LGCLIB00006379 01/11/2022 C6 01/11/2022 Books like text book referance book
    Dewey Decimal Classification     Law & Governance lLbrary Law & Governance lLbrary General Stacks 01/11/2022   428.007/WIL LGCLIB00006380 01/11/2022 C7 01/11/2022 Books like text book referance book
    Dewey Decimal Classification     Law & Governance lLbrary Law & Governance lLbrary General Stacks 01/11/2022   428.007/WIL LGCLIB00006381 01/11/2022 C8 01/11/2022 Books like text book referance book
    Dewey Decimal Classification     Law & Governance lLbrary Law & Governance lLbrary General Stacks 01/11/2022   428.007/WIL LGCLIB00006382 01/11/2022 C9 01/11/2022 Books like text book referance book